HOME ECONOMICS FOR YONG MEN: ATEACHING GUDE (Record no. 19503)

MARC details
000 -LEADER
fixed length control field 00430nam a22001457a 4500
003 - CONTROL NUMBER IDENTIFIER
control field OSt
005 - DATE AND TIME OF LATEST TRANSACTION
control field 20211122115925.0
008 - FIXED-LENGTH DATA ELEMENTS--GENERAL INFORMATION
fixed length control field 211122b |||||||| |||| 00| 0 eng d
020 ## - INTERNATIONAL STANDARD BOOK NUMBER
International Standard Book Number 0-8138-0820-0
040 ## - CATALOGING SOURCE
Transcribing agency HAWASSA UNIVERSITY
100 ## - MAIN ENTRY--PERSONAL NAME
Personal name KOHLMANN L. ELEANORE
Fuller form of name KOHLMANN L. ELEANORE
9 (RLIN) 19814
245 ## - TITLE STATEMENT
Title HOME ECONOMICS FOR YONG MEN: ATEACHING GUDE
260 ## - PUBLICATION, DISTRIBUTION, ETC.
Place of publication, distribution, etc. AMES
Name of publisher, distributor, etc. HTE LOWA STATE UNIVERSITY
Date of publication, distribution, etc. 1975
942 ## - ADDED ENTRY ELEMENTS (KOHA)
Source of classification or shelving scheme Dewey Decimal Classification
Koha item type Books like text book referance book
Suppress in OPAC No
Holdings
Withdrawn status Lost status Source of classification or shelving scheme Damaged status Not for loan Home library Current library Date acquired Total Checkouts Full call number Barcode Date last seen Copy number Price effective from Koha item type
    Dewey Decimal Classification     College of Agriculture Library College of Agriculture Library 11/22/2021   640.7/KOH ALIB0012997 11/22/2021 1 11/22/2021 Books like text book referance book
    Dewey Decimal Classification     College of Agriculture Library College of Agriculture Library 11/22/2021   640.7/KOH ALIB0012998 11/22/2021 2 11/22/2021 Books like text book referance book